Delhi Sultanate Quiz - Statistics

General Stats
  • This quiz has been taken 51 times
  • The average score is 8 of 12
Answer Stats
Hint Answer % Correct
After losing the Battle of Panipat in 1526, Delhi was replaced with which Turkic dynasty? Mughals
89%
Persian
89%
The sultanate was one of few superpowers that were able to defend themselves from which massive empire? Mongol Empire
87%
What were the official languages of the Delhi Sultanate? Old Hindi
84%
Much of the sultanate's rule took place in what historical time period? Middle Ages
74%
What Persian name for the subcontinent, popularized during this period, is still widely used? Hindustan
66%
Name one of two cities named after Firoz Shah. Firozabad | Firozpur
61%
Delhi was actually the third city to be the capital of the Delhi Sultanate. What was the first? Lahore
61%
Firoz Shah established which Islamic law system throughout his realm? Shari'a
61%
Who was the first female Muslim ruler of South Asia, and Delhi's only female sultan? Razia Sultana
58%
During their invasion of Gujarat in 1299, generals Ulugh and Nusrat Khan destroyed Asapalli. What is this city known as in the modern day? Ahmedabad
53%
Sultan Firoz Shah Tughlaq massacred 180,000 people in his sack of which eastern region? Odisha
34%
No matching quizzes found
Score Distribution
Percent of People with Each Score
Percentile by Number Answered
Your Score History
You have not taken this quiz